| 000 | 00583nam a22001937a 4500 | ||
|---|---|---|---|
| 003 | OSt | ||
| 005 | 20160213091103.0 | ||
| 007 | 007825129x | ||
| 008 | 160201b xxu||||| |||| 00| 0 eng d | ||
| 020 | _a0078251311 | ||
| 082 |
_22002 _aDK12 425.07 _bG745 |
||
| 245 |
_aGrammar and composition handbook : _bGrade 8. |
||
| 260 |
_aNew York, New York: _bMcGraw-Hill/Glencoe _cc2002. |
||
| 300 |
_aiv. 62 pages : _billustration ; _c 24 cm. |
||
| 500 | _aIncludes index. | ||
| 521 | _aGrade 8 | ||
| 650 | 0 |
_92382 _aEnglish language _xGrammar _xStudy and teaching (Secondary) |
|
| 942 |
_2ddc _cBK |
||
| 999 |
_c926 _d926 |
||